000 00292nam a22001337a 4500
999 _c8620
_d8620
003 OSt
005 20191105165245.0
008 191105b ||||| |||| 00| 0 eng d
040 _cDDC
082 _a266.009
100 _a Christudas, D.
245 _aTranquebar to Travancore
942 _2ddc
_cBK